000 00439nab a2200145Ia 4500
003 ES-SlBCS
005 20210601131809.0
008 140529s1969 xxu||||| |||| 00| 0 fre d
041 _afre
100 1 _aHardouin-Duparc, Louis
_9188855
245 0 0 _aLe mystère de notre naissance
_c Louis Hardouin-Duparc
650 0 4 _aNacimiento
_9113673
773 0 _tVie Spirituelle (La)
_gvol. 120, nº. 560, 1969, págs. 512-528
_wRev496
942 _cAR
999 _c568990
_d568990